000 00256nam a22001217a 4500
008 181102b xxu||||| |||| 00| 0 eng d
041 _aeng
080 _a101
100 _a24
101 _aFIL
245 _aApplied Logic
_cLittle,W.W
942 _2udc
_cBK
999 _c51746
_d51746